000 00503nam a2200169Ia 4500
008 090711s9999 xx 000 0 und d
082 _b55343
100 _aपंत अप्पा
245 _aमुलखा वेगळा राजा
260 _c1986
300 _a116
600 _aपंत अप्पा
630 _aमुलखा वेगळा राजा
700 _aपंत अप्पा
730 _aमुलखा वेगळा राजा
942 _cBOOK
999 _c318956
_d318956